000 00655nam a2200241Ia 4500
003 OSt
005 20220924123324.0
006 a|||||r|||| 00| 0
007 ta
008 220923b |||||||| |||| 00| 0 hin d
024 _a77019
037 _cTextual
040 _aARTS
_cARTS
_bhin
041 _2hin
_ahin
082 _aR694, 152L8 Q4
100 _aPratap Chandra
_977161
245 0 _aAdi Bandha darshan
_b Anatamvadi parikshepya
260 _aN
_bDelhi MacMillan
_c1978
300 _a174p.
_ccm.
650 _aBUDDHIST PHILOSOPHY
942 _hR694, 152L8 Q4
_cTEXL
_2CC
999 _c415271
_d415271